| 000 | 00475nam a2200181Ia 4500 | ||
|---|---|---|---|
| 003 | OSt | ||
| 005 | 20240422164758.0 | ||
| 008 | 210210b1929 xxu||||| |||| 00| 0 eng d | ||
| 040 | _cAL | ||
| 041 | _akan | ||
| 082 | _a853/478 | ||
| 100 |
_aSHRINIVASA _9161981 |
||
| 245 |
_aTalI kote: _bತಾಳಿ ಕೋಟೆ |
||
| 260 |
_aBengaluru _bBengaluru Printing and Publishing Company Limited _c1929 |
||
| 690 |
_aKannada Drama _9161982 |
||
| 906 | _a019752 | ||
| 942 |
_2ddc _cBK |
||
| 999 |
_c143893 _d143893 |
||